UK, USA, Canada and Australia states flag - Statistics

General Stats
  • This quiz has been taken 44 times
  • The average score is 43 of 76
Answer Stats
Picture Answer % Correct
Wales
97%
England
93%
Scotland
93%
California
87%
Texas
87%
Colorado
83%
New Mexico
83%
Washington
83%
Arizona
80%
Alabama
77%
Hawai
70%
Quebec
70%
Alaska
67%
British Columbia
67%
Ohio
67%
Wyoming
67%
Alberta
63%
Nunavut
63%
Ontario
63%
Oregon
63%
Arkansas
60%
Manitoba
60%
Maryland
60%
Queensland
60%
Saskatchewan
60%
South Carolina
60%
South Dakota
60%
Western Australia
60%
Iowa
57%
Louisiana
57%
Nevada
57%
Newfoundland and Labrador
57%
New York
57%
North Ireland
57%
Rhode Island
57%
Yukon
57%
Florida
53%
Georgia
53%
Indiana
53%
New South Wales
53%
North Dakota
53%
Northwest Territories
53%
Prince Edward Island
53%
Tasmania
53%
Tennessee
53%
Victoria
53%
Australian capital territory
50%
Mississippi
50%
New Brunswick
50%
North Carolina
50%
Oklahoma
50%
Illinois
47%
Michigan
47%
Minnesota
47%
Montana
47%
New Scotia
47%
Northern Territory
47%
South Australia
47%
Virginia
47%
Connecticut
43%
Delaware
43%
Missouri
43%
New Jersey
43%
Utah
43%
Wisconsin
43%
Idaho
40%
Kansas
40%
Kentucky
40%
Nebraska
40%
Vermont
40%
Maine
37%
New Hampshire
37%
West Virginia
37%
District of Columbia
33%
Massachussets
27%
Pennsylvanie
10%
No matching quizzes found
Score Distribution
Percent of People with Each Score
Percentile by Number Answered
Your Score History
You have not taken this quiz